Countries Containing R - Statistics

General Stats
  • This quiz has been taken 9,839 times
    9,044 since last reset
  • The average score is 78 of 93
Answer Stats
Country % Correct
Russia
96%
Australia
95%
Argentina
93%
Austria
93%
Romania
93%
Brazil
92%
France
92%
North Korea
92%
Armenia
91%
Algeria
90%
Andorra
90%
Germany
90%
Ireland
90%
Norway
90%
Portugal
90%
Rwanda
90%
Turkey
90%
Azerbaijan
89%
Iran
89%
Croatia
88%
Democratic Republic of the Congo
88%
Dominican Republic
88%
Iraq
88%
Paraguay
88%
Turkmenistan
88%
Uruguay
88%
Greece
87%
Morocco
87%
South Korea
87%
Belarus
86%
Bulgaria
86%
Hungary
86%
Netherlands
86%
Niger
86%
Nigeria
86%
South Africa
86%
Eritrea
85%
Honduras
85%
Israel
85%
Peru
85%
Republic of the Congo
85%
Serbia
85%
United Arab Emirates
85%
Bahrain
84%
Denmark
84%
Mauritius
84%
Saudi Arabia
84%
Suriname
84%
Switzerland
84%
Barbados
83%
Brunei
83%
Central African Republic
83%
Ecuador
83%
Jordan
83%
Kyrgyzstan
83%
Mauritania
83%
Nicaragua
83%
Ukraine
83%
Burundi
82%
Costa Rica
82%
Cyprus
82%
Luxembourg
82%
San Marino
82%
Sri Lanka
82%
Madagascar
81%
Marshall Islands
81%
Antigua and Barbuda
80%
Cameroon
80%
El Salvador
80%
Grenada
80%
Qatar
80%
Syria
80%
Trinidad and Tobago
80%
Bosnia and Herzegovina
79%
Burkina Faso
79%
Comoros
79%
Equatorial Guinea
79%
Georgia
79%
Kiribati
79%
Liberia
79%
Czech Republic
78%
Montenegro
78%
Sierra Leone
78%
Singapore
78%
Federated States of Micronesia
77%
Myanmar
77%
Nauru
77%
Cape Verde
75%
East Timor
75%
Cote d'Ivoire
74%
Saint Vincent and the Grenadines
74%
North Macedonia
73%
Sao Tome and Principe
69%
No matching quizzes found
Score Distribution
Percent of People with Each Score
Percentile by Number Answered
Your Score History
You have not taken this quiz since the last reset